000 00258nam a2200097Ia 4500
001 958816
005 20250826215911.0
008 250824s9999 xx 000 0 und d
245 0 _aKIZIL ELMA PEŞİNDE BİR ÖMÜR
_cMUSTAFA ARMAĞAN
260 _bKETEBE YAYINLARI
999 _c958816
_d958816